Prvky kultúry ako rizikové faktory integrácie migrantov do majoritnej spoločnosti
Ľudia, ktorí migrujú ako nositelia kultúry, ktorej vyjadrením sú kultúrne vzorce a v nich obsiahnuté kultúrne prvky, ktoré sa prejavujú v ich správaní. Charakteristika základných prvkov kultúry z aspektu integračných procesov. Vnímanie času a narábanie s ním. Význam priestoru, vzdialenosti a odstupu...
Salvato in:
| Autore principale: | |
|---|---|
| Natura: | Capitolo di libro |
| Lingua: | slovacco |
| Soggetti: | |
| Tags: |
Nessun Tag, puoi essere il primo ad aggiungerne!!
|
MARC
| LEADER | 00000naa$a2200000$$$4500 | ||
|---|---|---|---|
| 001 | 0226592 | ||
| 005 | 20240502083606.8 | ||
| 041 | 0 | |a slo | |
| 044 | |a CZ | ||
| 245 | 1 | 0 | |a Prvky kultúry ako rizikové faktory integrácie migrantov do majoritnej spoločnosti |c Miroslava Szarková |
| 520 | |a Ľudia, ktorí migrujú ako nositelia kultúry, ktorej vyjadrením sú kultúrne vzorce a v nich obsiahnuté kultúrne prvky, ktoré sa prejavujú v ich správaní. Charakteristika základných prvkov kultúry z aspektu integračných procesov. Vnímanie času a narábanie s ním. Význam priestoru, vzdialenosti a odstupu. Náboženstvo a rasa. | ||
| 610 | 2 | 0 | |a migrácia |
| 610 | 2 | 0 | |a kultúra |
| 610 | 2 | 0 | |a spoločnosť |
| 610 | 2 | 0 | |a čas |
| 610 | 2 | 0 | |a priestor |
| 610 | 2 | 0 | |a náboženstvo |
| 610 | 2 | 0 | |a integrácia |
| 610 | 2 | 0 | |a Európska únia |
| 100 | 1 | |a Szarková, Miroslava, 1951- | |